Record transfers: VfB Stuttgart - Statistics

General Stats
  • This quiz has been taken 186 times
    71 since last reset
  • The average score is 12 of 20
Answer Stats
# Fee Season Position Left Player % Correct
3 9 Mio. € 23/24 Centre-Forward Stade Rennais FC Serhou Guirassy
89%
14 5 Mio. € 21/22 Goalkeeper 1. FSV Mainz 05 Florian Müller
84%
1 11.26 Mio. € 18/19 Centre-Forward Argentinos Juniors Nicolás González
84%
13 6 Mio. € 18/19 Left-Back GNK Dinamo Zagreb Borna Sosa
76%
8 7.2 Mio. € 20/21 Goalkeeper TSG 1899 Hoffenheim Gregor Kobel
75%
2 11 Mio. € 18/19 Centre-Back Galatasaray AŞ Ozan Kabak
71%
3 9 Mio. € 18/19 Right-Back Manchester City FC Pablo Maffeo
69%
21 6 Mio. € 19/20 Centre-Forward FC Admira Wacker Saša Kalajdžić
69%
17 5 Mio. € 16/17 Centre-Back Lille OSC Benjamin Pavard
65%
10 6 Mio. € 17/18 Defensive Midfield Estudiantes de La Plata Santiago Ascacíbar
65%
15 5 Mio. € 18/19 Central Midfield Borussia Dortmund Gonzalo Castro
64%
11 6 Mio. € 17/18 Right Winger FC Sion Chadrac Akolo
49%
12 6 Mio. € 14/15 Left Winger FC Groningen Filip Kostić
49%
5 8 Mio. € 19/20 Centre-Forward Paris FC Silas Katompa Mvumpa
49%
5 8 Mio. € 09/10 Central Midfield ACF Fiorentina Zdravko Kuzmanović
47%
18 4.8 Mio. € 09/10 Centre-Forward FC Zenit Saint Petersburg Pavel Pogrebnyak
44%
7 7.5 Mio. € 01/02 Centre-Back SL Benfica Fernando Meira
42%
6 7.5 Mio. € 05/06 Centre-Forward AC Milan Jon Dahl Tomasson
38%
16 5 Mio. € 08/09 Centre-Back Chelsea FC Khalid Boulahrouz
31%
9 7 Mio. € 07/08 Centre-Forward FC Shakhtar Donetsk Ciprian Marica
29%
No matching quizzes found
Score Distribution
Percent of People with Each Score
Percentile by Number Answered
Your Score History
You have not taken this quiz since the last reset